[Event "Titled Tuesday intern op 09th Jan Early"]
[Site "Chess.com INT"]
[Date "2024.01.09"]
[Round "10"]
[White "Nakamura, Hikaru"]
[Black "Keymer, Vincent"]
[Result "0-1"]
[WhiteElo "2788"]
[BlackElo "2743"]
[PlyCount "85"]
[EventDate "2024.01.09"]
[EventType "swiss (blitz)"]
[EventRounds "11"]
[EventCountry "USA"]
[SourceTitle "CB03_2024"]
[SourceDate "2024.01.17"]
[SourceVersion "1"]
[SourceVersionDate "2024.01.17"]
[SourceQuality "1"]

1. Nf3 Nf6 2. g3 c5 3. Bg2 Nc6 4. e3 d5 5. d4 cxd4 6. Nxd4 e5 7. Nxc6 bxc6 8. b3 Bg4 9. Qd3 Bd6 10. Bb2 0-0 11. h3 Be6 12. Nd2 a5 13. c4 a4 14. 0-0 Qd7 15. h4 h6 16. cxd5 cxd5 17. Rfc1 Rfb8 18. Qe2 Bg4 19. Qf1 a3 20. Bc3 Rc8 21. Qd3 Ra7 22. Rc2 Bf5 23. e4 dxe4 24. Nxe4 Bb4 25. Qe2 Bxe4 26. Bxe4 Bxc3 27. Rd1 Bd4 28. Bd3 Rxc2 29. Qxc2 Rc7 30. Bc4 Qg4 31. Kg2 Qe4+ 32. Qxe4 Nxe4 33. f4 Nc3 34. Rd2 g6 35. fxe5 Bxe5 36. Rc2 h5 37. Kf3 Kg7 38. Ke3 Rd7 39. b4 Rc7 40. Kd3 Rd7+ 41. Ke3 Rb7 42. b5 Nxb5 43. Bd5 0-1

[Event "Wch Blitz"]
[Site "Samarkand"]
[Date "2023.12.30"]
[Round "18"]
[White "Ivic, Velimir"]
[Black "Keymer, Vincent"]
[Result "0-1"]
[WhiteElo "2570"]
[BlackElo "2738"]
[PlyCount "98"]
[EventDate "2023.12.29"]
[EventType "swiss (blitz)"]
[EventRounds "21"]
[EventCountry "UZB"]
[SourceTitle "CB01_2024"]
[SourceDate "2024.01.03"]
[SourceVersion "1"]
[SourceVersionDate "2024.01.03"]
[SourceQuality "1"]

1. e4 e5 2. Nf3 Nc6 3. Bb5 a6 4. Ba4 Nf6 5. 0-0 Be7 6. d3 b5 7. Bb3 d6 8. c3 0-0 9. h3 Be6 10. Bxe6 fxe6 11. a4 b4 12. a5 Rb8 13. Nbd2 d5 14. Re1 Qd6 15. Qe2 Nd7 16. d4 Bf6 17. dxe5 Ncxe5 18. Nxe5 Nxe5 19. f4 Ng6 20. Nf3 bxc3 21. e5 cxb2 22. Bxb2 Nxf4 23. Qe3 Nxg2 24. exd6 Nxe3 25. dxc7 Rxb2 26. Rxe3 Rc2 27. Rae1 Rxc7 28. Rxe6 Bc3 29. R1e3 Bxa5 30. Rxa6 Bb4 31. Rd3 Rc3 32. Rxc3 Bxc3 33. Kg2 Bf6 34. Kg3 Rd8 35. Kf4 Kf7 36. Kf5 Rd7 37. Ra3 g6+ 38. Kf4 d4 39. Ke4 Re7+ 40. Kf4 h6 41. h4 Bxh4 42. Nxh4 g5+ 43. Kf5 gxh4 44. Rd3 Rd7 45. Rf3 d3 46. Ke4+ Kg6 47. Rf1 d2 48. Rd1 h3 49. Kf3 Kf5 0-1

[Event "Wch Blitz"]
[Site "Samarkand"]
[Date "2023.12.29"]
[Round "11"]
[White "Chigaev, Maksim"]
[Black "Keymer, Vincent"]
[Result "1/2-1/2"]
[WhiteElo "2621"]
[BlackElo "2738"]
[PlyCount "91"]
[EventDate "2023.12.29"]
[EventType "swiss (blitz)"]
[EventRounds "21"]
[EventCountry "UZB"]
[SourceTitle "CB01_2024"]
[SourceDate "2024.01.03"]
[SourceVersion "1"]
[SourceVersionDate "2024.01.03"]
[SourceQuality "1"]

1. e4 e5 2. Nf3 Nc6 3. Bc4 Nf6 4. d3 Bc5 5. c3 a6 6. 0-0 Ba7 7. a4 d6 8. Nbd2 0-0 9. h3 h6 10. Re1 Be6 11. Bxe6 fxe6 12. b4 Ne7 13. Ra2 Ng6 14. Nc4 b5 15. Ne3 d5 16. Qb3 Qd6 17. c4 bxc4 18. dxc4 Bxe3 19. Bxe3 Nxe4 20. cxd5 exd5 21. Bxh6 Kh8 22. Bc1 Rab8 23. b5 axb5 24. axb5 Nf4 25. Bxf4 Rxf4 26. Qd3 Rbf8 27. Rc2 Nxf2 28. Rxf2 e4 29. Qb3 exf3 30. Ref1 Qc5 31. g3 R4f6 32. Kh2 d4 33. h4 Qf5 34. Rxf3 Qxf3 35. Rxf3 Rxf3 36. Qd5 d3 37. Qh5+ Kg8 38. Qd5+ R8f7 39. Kh3 g6 40. Qd4 Kh7 41. Qd5 Kg7 42. Qd4+ Kh7 43. Qd5 Kg8 44. Qd4 Kh7 45. Qd5 Kg8 46. Qd4 1/2-1/2

[Event "Wch Rapid"]
[Site "Samarkand"]
[Date "2023.12.26"]
[Round "1"]
[White "Bharath, Subramaniyam H"]
[Black "Keymer, Vincent"]
[Result "1-0"]
[WhiteElo "2504"]
[BlackElo "2738"]
[PlyCount "93"]
[EventDate "2023.12.26"]
[EventType "swiss (rapid)"]
[EventRounds "13"]
[EventCountry "UZB"]
[SourceTitle "CB01_2024"]
[SourceDate "2024.01.03"]
[SourceVersion "1"]
[SourceVersionDate "2024.01.03"]
[SourceQuality "1"]

1. Nf3 Nf6 2. g3 b5 3. Bg2 Bb7 4. Na3 a6 5. c4 bxc4 6. Nxc4 e6 7. 0-0 Be7 8. d3 c5 9. Qb3 Ra7 10. Bd2 Nc6 11. Qa4 0-0 12. Rac1 a5 13. Bc3 d6 14. Rfd1 Nd7 15. e4 Nb4 16. Bxb4 cxb4 17. Qc2 Qa8 18. Nd4 Rc8 19. Qe2 Ra6 20. Nb5 Rac6 21. Qe3 Ne5 22. b3 Ng4 23. Qf4 Ne5 24. Nbxd6 Bxd6 25. Nxd6 Rxd6 26. Rxc8+ Qxc8 27. Qxe5 Rd7 28. Qxa5 Qc2 29. Bf3 Qc3 30. Qb5 Qd4 31. Rc1 h6 32. Be2 f5 33. Rc4 Qa1+ 34. Bf1 Rxd3 35. Qxb7 Rd1 36. Rc8+ Kh7 37. Qa6 fxe4 38. Kg2 Qf6 39. Qe2 Rd4 40. Rc4 Qe5 41. Rxd4 Qxd4 42. Qc4 Qe5 43. Qxb4 e3 44. Bd3+ Kg8 45. fxe3 Qxe3 46. Qb8+ Kf7 47. Qf4+ 1-0